00683nam a2200181 a 450000100100000000500170001000800410002702000180006804000250008608200130011124501180012426000380024230000340028050400250031470000340033995201110037399900170048400004082520201002034416.0130909s2011 dr ac 000 0 spa d a9780958171052 aDO-SdBNPbspacBNPHU axxxbxxx00aAnálisis de los efectos económicos y sociales del proyecto minero pueblo viejo. /cprólogo, Cristian Parra. a[Santo Domingo] :bSICSRM,c2011. a70 p. :bil., retr. ;c32 cm. aBibliografía p: 691 aParra, Cristianeprol.967248 0010718PDaPDbPDcCTd2013-09-09iLF1l0oxxx xxxp40825-10r2020-06-25w2020-06-25yLFPDZNo se presta c40315d40315